Využitie kapitálového trhu pri krytí katastrofických rizík

Krytie rizík súvisiacich s veľkými prírodnými katastrofami. Výskyt katastrofických udalostí a následky vyčerpania kapacít poistného a zaistného trhu. Ekonomický dopad katastrofických udalostí. Alternatívne spôsoby krytia. Trh s cennými papiermi v rámci sekuritizácie v poistnom sektore. Zdroje získav...

Descripción completa

Guardado en:
Detalles Bibliográficos
Autor principal: Marko, Peter
Formato: Capítulo de libro
Lenguaje:eslovaco
Materias:
Etiquetas: Agregar Etiqueta
Sin Etiquetas, Sea el primero en etiquetar este registro!

MARC

LEADER 00000nla$a2200000$$$4500
001 0117023
005 20240502072315.4
041 0 |a slo 
044 |a SK 
245 1 0 |a Využitie kapitálového trhu pri krytí katastrofických rizík  |c Peter Marko 
520 |a Krytie rizík súvisiacich s veľkými prírodnými katastrofami. Výskyt katastrofických udalostí a následky vyčerpania kapacít poistného a zaistného trhu. Ekonomický dopad katastrofických udalostí. Alternatívne spôsoby krytia. Trh s cennými papiermi v rámci sekuritizácie v poistnom sektore. Zdroje získavania finančných prostriedkov na transfer rizika. 
610 2 0 |a poisťovníctvo 
610 2 0 |a poisťovne 
610 2 0 |a zaisťovne 
610 2 0 |a trh poistný 
610 2 0 |a trh kapitálový 
610 2 0 |a riziko poistné 
610 2 0 |a udalosti poistné 
610 2 0 |a náhrada poistná 
610 2 0 |a zdroje finančné 
610 2 0 |a pohromy živelné 
610 2 0 |a záplavy 
100 1 |a Marko, Peter